[Event "GER-ch Net Amateur Gr-B Vor3"]
[Site "Playchess.com INT"]
[Date "2020.04.16"]
[Round "4"]
[White "Baum, Frank Christian"]
[Black "Elpelt, Frank"]
[Result "1-0"]
[WhiteElo "1301"]
[BlackElo "1437"]
[PlyCount "115"]
[EventDate "2020.04.16"]
[EventType "swiss (blitz)"]
[EventRounds "9"]
[EventCountry "GER"]
[SourceTitle "CBM 195 Extra"]
[Source "ChessBase"]
[SourceDate "2020.05.31"]
[SourceVersion "1"]
[SourceVersionDate "2020.05.31"]
[SourceQuality "1"]

1. e4 e6 2. d4 d5 3. exd5 exd5 4. Bd3 c5 5. dxc5 Qa5+ 6. Bd2 Qxc5 7. Nf3 Nf6 8. 0-0 Be7 9. Nc3 0-0 10. Re1 Bg4 11. Be3 Qc7 12. Be2 Bb4 13. Qd4 Bxc3 14. Qxc3 Qxc3 15. bxc3 Nc6 16. Bd4 Nxd4 17. cxd4 Rfe8 18. Ne5 Bxe2 19. Rxe2 Nd7 20. Rae1 Nxe5 21. Rxe5 Kf8 22. Kf1 Rxe5 23. Rxe5 Rd8 24. Ke2 f6 25. Re3 Re8 26. Kd3 Rxe3+ 27. fxe3 Ke7 28. c4 Kd6 29. c5+ Kc6 30. e4 dxe4+ 31. Kxe4 b6 32. cxb6 axb6 33. a4 Kd6 34. g4 g6 35. h4 h6 36. h5 gxh5 37. gxh5 Ke6 38. d5+ Kd6 39. Kf5 Kxd5 40. Kxf6 Kc4 41. Kg6 Kb4 42. Kxh6 Kxa4 43. Kg6 b5 44. h6 b4 45. h7 b3 46. h8Q Ka3 47. Qa8+ Kb2 48. Kf5 Kc2 49. Qc8+ Kd1 50. Qc3 Ke2 51. Qxb3 Kd2 52. Ke4 Ke2 53. Qe3+ Kd1 54. Qf2 Kc1 55. Kd3 Kb1 56. Qd2 Ka1 57. Kc3 Kb1 58. Qb2# 1-0

[Event "GER-ch Net Amateur Gr-B Vor3"]
[Site "Playchess.com INT"]
[Date "2020.04.16"]
[Round "2"]
[White "Baum, Frank Christian"]
[Black "Tietz, Bennit"]
[Result "0-1"]
[WhiteElo "1316"]
[BlackElo "1558"]
[PlyCount "78"]
[EventDate "2020.04.16"]
[EventType "swiss (blitz)"]
[EventRounds "9"]
[EventCountry "GER"]
[SourceTitle "CBM 195 Extra"]
[Source "ChessBase"]
[SourceDate "2020.05.31"]
[SourceVersion "1"]
[SourceVersionDate "2020.05.31"]
[SourceQuality "1"]

1. e4 e5 2. Nf3 Nc6 3. Bc4 Bc5 4. c3 Nf6 5. h3 d5 6. exd5 Nxd5 7. d4 exd4 8. cxd4 Bb4+ 9. Bd2 Bxd2+ 10. Qxd2 Be6 11. Bxd5 Bxd5 12. Nc3 Be6 13. 0-0 0-0 14. d5 Bxd5 15. Nxd5 Kh8 16. Nc3 Qxd2 17. Nxd2 Rad8 18. Nde4 Rfe8 19. Rfd1 Nd4 20. Rac1 c6 21. Nc5 b6 22. Nd3 b5 23. Nb4 c5 24. Nc2 b4 25. Nxd4 bxc3 26. Nc6 Rxd1+ 27. Rxd1 cxb2 28. Ne5 h6 29. Nxf7+ Kh7 30. Nd6 Re2 31. Nc4 Rc2 32. Na3 Rc1 33. Rf1 c4 34. f3 c3 35. Kf2 Rxf1+ 36. Kxf1 b1Q+ 37. Nxb1 c2 38. Na3 c1Q+ 39. Ke2 Qxa3 0-1

[Event "GER-ch Net Amateur Gr-B Vor3"]
[Site "Playchess.com INT"]
[Date "2020.04.16"]
[Round "6"]
[White "Drescher, Werner"]
[Black "Baum, Frank Christian"]
[Result "1-0"]
[WhiteElo "1480"]
[BlackElo "1317"]
[PlyCount "123"]
[EventDate "2020.04.16"]
[EventType "swiss (blitz)"]
[EventRounds "9"]
[EventCountry "GER"]
[SourceTitle "CBM 195 Extra"]
[Source "ChessBase"]
[SourceDate "2020.05.31"]
[SourceVersion "1"]
[SourceVersionDate "2020.05.31"]
[SourceQuality "1"]

1. b3 Nf6 2. Bb2 d5 3. g3 c6 4. Bg2 Bf5 5. e3 Nbd7 6. Ne2 g6 7. d4 Bg7 8. c4 dxc4 9. bxc4 0-0 10. Nbc3 Qb6 11. Qd2 a5 12. 0-0 a4 13. Rac1 a3 14. Ba1 e5 15. d5 cxd5 16. cxd5 Nc5 17. Rcd1 Rfd8 18. h3 Bd7 19. e4 Bb5 20. Nxb5 Qxb5 21. Nc3 Qb6 22. Kh2 Ncd7 23. Rb1 Qc7 24. Nb5 Qb8 25. Rfc1 Bf8 26. Qg5 Bg7 27. Nc7 h6 28. Qe3 Ra7 29. Qb3 b6 30. d6 Nc5 31. Qb5 Rxd6 32. Bxe5 Qxc7 33. Bxd6 Qxd6 34. Qxb6 Qxb6 35. Rxb6 Nd3 36. Rc8+ Kh7 37. Kg1 Re7 38. Rd8 Nc5 39. Rc8 Ncd7 40. Rb7 Nc5 41. Rxc5 Nxe4 42. Bxe4 Rxb7 43. Bxb7 Kg8 44. Ra5 Kf8 45. Rxa3 Ke7 46. Bg2 Kd7 47. Ra7+ Ke6 48. a4 Kd6 49. a5 Kc5 50. a6 Kb6 51. Rxf7 Bd4 52. a7 Kb5 53. a8Q Kc4 54. Qa5 Kd3 55. Bf1+ Ke4 56. Qa8+ Ke5 57. Qe8+ Kd6 58. Rd7+ Kc5 59. Qc8+ Kb4 60. Rb7+ Ka5 61. Qa8+ Ba7 62. Qxa7# 1-0

[Event "GER-ch Net Amateur Gr-B Vor3"]
[Site "Playchess.com INT"]
[Date "2020.04.16"]
[Round "1"]
[White "Hess, Martin"]
[Black "Baum, Frank Christian"]
[Result "1-0"]
[WhiteElo "1628"]
[BlackElo "1321"]
[PlyCount "107"]
[EventDate "2020.04.16"]
[EventType "swiss (blitz)"]
[EventRounds "9"]
[EventCountry "GER"]
[SourceTitle "CBM 195 Extra"]
[Source "ChessBase"]
[SourceDate "2020.05.31"]
[SourceVersion "1"]
[SourceVersionDate "2020.05.31"]
[SourceQuality "1"]

1. e4 e6 2. f4 d5 3. e5 c5 4. b4 cxb4 5. a3 bxa3 6. Bxa3 Bxa3 7. Nxa3 Nc6 8. Nb5 a6 9. Nd6+ Ke7 10. Nf3 Nh6 11. d4 Nf5 12. Nxf5+ exf5 13. c3 Re8 14. Ng5 h6 15. Nh3 Kf8 16. Qh5 Be6 17. Bd3 Ne7 18. 0-0 Qc7 19. Rac1 b5 20. g4 fxg4 21. f5 Bd7 22. e6 fxe6 23. fxe6+ Kg8 24. Qf7+ Kh8 25. exd7 Rf8 26. Qxf8+ Rxf8 27. Rxf8+ Ng8 28. d8Q Qxd8 29. Rxd8 gxh3 30. Bg6 a5 31. Bf7 b4 32. Bxg8 g5 33. Bxd5+ Kg7 34. Re1 Kf6 35. Re6+ Kf5 36. Rf8+ Kg4 37. Bf3+ Kh4 38. Re4+ g4 39. Rxg4+ Kh5 40. Rg6+ Kxg6 41. cxb4 axb4 42. Rb8 Kf5 43. Rxb4 Kf4 44. Kf2 h5 45. Bxh5 Ke4 46. Bf3+ Kf5 47. Kg3 Ke6 48. d5+ Kd6 49. Rb6+ Kc5 50. Rc6+ Kd4 51. d6 Ke3 52. d7 Kd2 53. d8Q+ Ke1 54. Qd1# 1-0

[Event "GER-ch Net Amateur Gr-B Vor3"]
[Site "Playchess.com INT"]
[Date "2020.04.16"]
[Round "3"]
[White "Thomzik, Dirk"]
[Black "Baum, Frank Christian"]
[Result "1-0"]
[WhiteElo "1515"]
[BlackElo "1309"]
[PlyCount "47"]
[EventDate "2020.04.16"]
[EventType "swiss (blitz)"]
[EventRounds "9"]
[EventCountry "GER"]
[SourceTitle "CBM 195 Extra"]
[Source "ChessBase"]
[SourceDate "2020.05.31"]
[SourceVersion "1"]
[SourceVersionDate "2020.05.31"]
[SourceQuality "1"]

1. d4 Nf6 2. Nf3 g6 3. g3 Bg7 4. Bg2 d6 5. 0-0 0-0 6. b3 c6 7. Bb2 d5 8. Nbd2 Bg4 9. Ne5 Nbd7 10. Nxg4 Nxg4 11. e4 Ngf6 12. e5 Ne8 13. f4 e6 14. Ba3 c5 15. dxc5 f5 16. c6 bxc6 17. Bxf8 Kxf8 18. c4 Nc7 19. cxd5 cxd5 20. Nf3 Nc5 21. Nd4 Qd7 22. Rc1 Ne4 23. Rxc7 Qxc7 24. Nxe6+ 1-0

[Event "GER-ch Net Amateur Gr-B Vor1"]
[Site "Playchess.com INT"]
[Date "2020.04.14"]
[Round "1"]
[White "Grosse, Manfred"]
[Black "Baum, Frank Christian"]
[Result "1-0"]
[WhiteElo "1620"]
[BlackElo "1282"]
[PlyCount "51"]
[EventDate "2020.04.14"]
[EventType "swiss (blitz)"]
[EventRounds "9"]
[EventCountry "GER"]
[SourceTitle "EXT 2021"]
[Source "ChessBase"]
[SourceDate "2020.10.23"]
[SourceVersion "1"]
[SourceVersionDate "2020.10.23"]
[SourceQuality "1"]

1. e4 e6 2. d4 d5 3. e5 c5 4. c3 Nc6 5. Nf3 Bd7 6. Be2 Qb6 7. dxc5 Bxc5 8. 0-0 a6 9. Nbd2 Qc7 10. Nb3 Ba7 11. Bf4 Nge7 12. Bd3 Ng6 13. Bxg6 hxg6 14. Re1 0-0-0 15. Bg3 Rh7 16. Rc1 Rdh8 17. Nbd4 Nxd4 18. cxd4 Bc6 19. b4 Kb8 20. a4 Qd8 21. b5 axb5 22. axb5 Bxb5 23. Rb1 Ba6 24. Qa4 Qe8 25. Qxa6 Ka8 26. Qxb7# 1-0

[Event "Hannover Bezirks-ch B"]
[Site "Lehrte"]
[Date "2019.10.06"]
[Round "7.8"]
[White "Baum, Frank Christian"]
[Black "Schemschat, Werner"]
[Result "1-0"]
[WhiteElo "1520"]
[BlackElo "1601"]
[PlyCount "45"]
[EventDate "2019.10.03"]
[EventType "swiss"]
[EventRounds "7"]
[EventCountry "GER"]
[SourceTitle "EXT 2023"]
[Source "ChessBase"]
[SourceDate "2022.10.05"]
[SourceVersion "1"]
[SourceVersionDate "2022.10.05"]
[SourceQuality "1"]

1. e4 e5 2. Nf3 Nc6 3. Bc4 Nf6 4. d3 Bc5 5. Bg5 0-0 6. Nbd2 Na5 7. Nxe5 Nxc4 8. Ndxc4 Re8 9. 0-0 b5 10. Ng4 h5 11. Bxf6 gxf6 12. Nh6+ Kg7 13. Nf5+ Kg6 14. Nce3 d6 15. Qf3 Rg8 16. Qf4 Bxe3 17. fxe3 Bxf5 18. Qxf5+ Kg7 19. Rf3 Rh8 20. Raf1 Rh6 21. d4 Qc8 22. Rg3+ Kf8 23. Qf4 1-0

[Event "Hannover Bezirk-ch B"]
[Site "Hannover"]
[Date "2018.10.06"]
[Round "6.8"]
[White "Minde, Frank"]
[Black "Baum, Frank Christian"]
[Result "1/2-1/2"]
[WhiteElo "1782"]
[BlackElo "1701"]
[PlyCount "41"]
[EventDate "2018.10.04"]
[EventType "swiss"]
[EventRounds "7"]
[EventCountry "GER"]
[SourceTitle "EXT 2022"]
[Source "ChessBase"]
[SourceDate "2021.10.06"]
[SourceVersion "1"]
[SourceVersionDate "2021.10.06"]
[SourceQuality "1"]

1. e4 e6 2. d4 d5 3. Nd2 dxe4 4. Nxe4 Bd7 5. Nf3 Bc6 6. Bd3 Be7 7. 0-0 Nd7 8. Re1 Ngf6 9. Ng3 0-0 10. Ne5 Nxe5 11. dxe5 Qd5 12. Qf3 Qxf3 13. gxf3 Nd5 14. c3 Rad8 15. Be4 Bb5 16. Ne2 c5 17. Nf4 Nxf4 18. Bxf4 b6 19. Rad1 Rxd1 20. Rxd1 Rd8 21. Rxd8+ 1/2-1/2

[Event "Hannover Bezirk-ch B"]
[Site "Hannover"]
[Date "2018.10.05"]
[Round "4.9"]
[White "Baum, Frank Christian"]
[Black "Ramme, Georg"]
[Result "1/2-1/2"]
[WhiteElo "1701"]
[BlackElo "1628"]
[PlyCount "87"]
[EventDate "2018.10.04"]
[EventType "swiss"]
[EventRounds "7"]
[EventCountry "GER"]
[SourceTitle "EXT 2022"]
[Source "ChessBase"]
[SourceDate "2021.10.06"]
[SourceVersion "1"]
[SourceVersionDate "2021.10.06"]
[SourceQuality "1"]

1. e4 c6 2. d4 d5 3. exd5 cxd5 4. Bd3 Nf6 5. Bf4 Qb6 6. Bc1 Nc6 7. c3 Bd7 8. Nf3 Bg4 9. Nbd2 e6 10. h3 Bh5 11. 0-0 Bd6 12. Re1 Kd7 13. Qc2 Qc7 14. b3 Rae8 15. Bb2 Kd8 16. a3 e5 17. dxe5 Nxe5 18. Nxe5 Bxe5 19. c4 Bxb2 20. Qxb2 Bg6 21. Bxg6 hxg6 22. cxd5 Rxe1+ 23. Rxe1 Re8 24. Rxe8+ Kxe8 25. Nc4 Nxd5 26. Qxg7 b5 27. Qe5+ Qxe5 28. Nxe5 a5 29. Nc6 a4 30. bxa4 bxa4 31. Ne5 Nc3 32. Nc4 Kd7 33. h4 Ke6 34. g4 f5 35. f3 Kf6 36. Kf2 Ke6 37. Ke3 Kf6 38. Kd3 Nb5 39. Nb6 Nxa3 40. Nxa4 Nb5 41. Nc3 Nc7 42. Kd4 Ne6+ 43. Ke3 Nc7 44. Kd4 1/2-1/2

[Event "Lueneburg op-A"]
[Site "Lueneburg"]
[Date "2017.07.08"]
[Round "1"]
[White "Wachinger, Nikolas"]
[Black "Baum, Frank Christian"]
[Result "1-0"]
[WhiteElo "2094"]
[BlackElo "1708"]
[PlyCount "117"]
[EventDate "2017.07.08"]
[EventType "swiss"]
[EventRounds "9"]
[EventCountry "GER"]
[SourceTitle "CBM 179 Extra"]
[Source "ChessBase"]
[SourceDate "2017.08.23"]
[SourceVersion "1"]
[SourceVersionDate "2017.08.23"]
[SourceQuality "1"]

1. e4 e6 2. d4 d5 3. Nd2 Bd7 4. Ngf3 dxe4 5. Nxe4 Bc6 6. Bd3 Nd7 7. 0-0 Ngf6 8. Ng3 Bd6 9. Qe2 b6 10. Ne5 Bb7 11. Bg5 Be7 12. Bb5 0-0 13. Nc6 Bxc6 14. Bxc6 Rb8 15. Rfe1 h6 16. Bd2 Bd6 17. Rad1 Nd5 18. a3 N7f6 19. c4 Ne7 20. Ba4 a5 21. Bc3 Ng6 22. Bc2 Nf4 23. Qf3 Ng6 24. Bxg6 fxg6 25. Rxe6 Nh5 26. Qd5 Nf4 27. Rxd6+ Nxd5 28. Rxd8 Rbxd8 29. cxd5 Rfe8 30. Re1 Rxe1+ 31. Bxe1 Rxd5 32. Bc3 Kf7 33. Nf1 Rd7 34. Ne3 Ke6 35. Kf1 a4 36. Ke2 b5 37. f4 c6 38. Kd3 Rf7 39. Ke4 h5 40. Bb4 Rd7 41. Nf1 Rf7 42. h4 Rd7 43. Nd2 Kf6 44. Nf3 Rf7 45. Ne5 Rc7 46. Bd6 Rc8 47. Nd3 Re8+ 48. Be5+ Kf7 49. Nc5 Re7 50. Kd3 Re8 51. g3 Rc8 52. Kc3 Re8 53. Kb4 Ra8 54. d5 cxd5 55. Kxb5 Rc8 56. Bd4 Ra8 57. Kc6 Rd8 58. Kb5 Ra8 59. Kb4 1-0

[Event "Langenhagen-ch op"]
[Site "Langenhagen"]
[Date "2016.09.17"]
[Round "6"]
[White "Baum, Frank Christian"]
[Black "Rannefeld, Olaf"]
[Result "0-1"]
[WhiteElo "1586"]
[BlackElo "1828"]
[PlyCount "104"]
[EventDate "2016.06.04"]
[EventType "swiss"]
[EventRounds "7"]
[EventCountry "GER"]
[SourceTitle "CBM 189 Extra"]
[Source "ChessBase"]
[SourceDate "2019.06.03"]
[SourceVersion "1"]
[SourceVersionDate "2019.06.03"]
[SourceQuality "1"]

1. e4 d6 2. d4 Nf6 3. Nc3 Nbd7 4. Nf3 e5 5. Bc4 Be7 6. 0-0 0-0 7. Bg5 c6 8. dxe5 dxe5 9. Qe2 b5 10. Bd3 a5 11. a3 Qc7 12. Rfd1 Nc5 13. h3 Nh5 14. Be3 Ne6 15. Qf1 Nef4 16. Ne2 g5 17. g4 Ng7 18. Bxf4 gxf4 19. Kh1 Kh8 20. Qg2 Rg8 21. Qh2 Be6 22. Nc3 b4 23. axb4 axb4 24. Ne2 c5 25. b3 f6 26. Nh4 Rxa1 27. Rxa1 c4 28. bxc4 Bxc4 29. Nc1 Bxd3 30. Nxd3 Qxc2 31. Nxf4 Qxe4+ 32. Nfg2 b3 33. Qg1 b2 34. Rb1 Ba3 35. f3 Qd4 36. Qe1 Rc8 37. Qa5 Rc1+ 38. Kh2 Qc5 39. Qa8+ Qc8 40. Qe4 Rxb1 41. Qxb1 Qc1 42. Qe4 Qc5 43. Qa8+ Qf8 44. Qe4 Qb8 45. Qb1 e4+ 46. Kh1 exf3 47. Nxf3 Qg3 48. Qe4 Qxh3+ 49. Nh2 Kg8 50. Qd5+ Kf8 51. Qd8+ Ne8 52. Qd1 Bd6 0-1

[Event "Langenhagen-ch op"]
[Site "Langenhagen"]
[Date "2016.08.20"]
[Round "4"]
[White "Zweigait, Leon"]
[Black "Baum, Frank Christian"]
[Result "0-1"]
[WhiteElo "1343"]
[BlackElo "1586"]
[PlyCount "56"]
[EventDate "2016.06.04"]
[EventType "swiss"]
[EventRounds "7"]
[EventCountry "GER"]
[SourceTitle "CBM 189 Extra"]
[Source "ChessBase"]
[SourceDate "2019.06.03"]
[SourceVersion "1"]
[SourceVersionDate "2019.06.03"]
[SourceQuality "1"]

1. c4 e6 2. g3 f5 3. Bg2 Nf6 4. Nc3 Be7 5. b3 0-0 6. Bb2 c6 7. Qc2 d5 8. d3 Nbd7 9. Nf3 Bd6 10. 0-0 e5 11. Rfe1 f4 12. Rad1 fxg3 13. hxg3 Nb6 14. Nd2 Ng4 15. Rf1 Qg5 16. Nf3 Qh6 17. Qd2 Qh5 18. Qg5 Qe8 19. Nh2 Be7 20. Qd2 Nxh2 21. Kxh2 Qh5+ 22. Kg1 Rf6 23. Bf3 Bg4 24. Bxg4 Qxg4 25. Kg2 Raf8 26. Rde1 Bc5 27. a3 Rxf2+ 28. Rxf2 Rxf2+ 0-1

[Event "Hannover Ihme Cup"]
[Site "Hannover"]
[Date "2016.05.22"]
[Round "4"]
[White "Baum, Frank Christian"]
[Black "Knoke, Tobias"]
[Result "0-1"]
[WhiteElo "1725"]
[BlackElo "2022"]
[PlyCount "100"]
[EventDate "2016.05.20"]
[EventType "swiss"]
[EventRounds "5"]
[EventCountry "GER"]
[SourceTitle "CBM 189 Extra"]
[Source "ChessBase"]
[SourceDate "2019.06.03"]
[SourceVersion "1"]
[SourceVersionDate "2019.06.03"]
[SourceQuality "1"]

1. e4 c5 2. Nc3 Nc6 3. f4 g6 4. Nf3 Bg7 5. Be2 e6 6. 0-0 Nge7 7. d3 0-0 8. Qe1 d6 9. Qh4 f5 10. e5 dxe5 11. fxe5 Nxe5 12. Bg5 Nxf3+ 13. Bxf3 Rf7 14. Kh1 Qd7 15. Rae1 Nc6 16. Bd1 Nd4 17. Nb1 Nc6 18. Nc3 b6 19. Rf3 Bb7 20. Rh3 Bh8 21. Ne2 e5 22. Ng3 Ne7 23. c3 Bd5 24. a3 Rc8 25. Nh5 f4 26. Nf6+ Bxf6 27. Bxf6 Nf5 28. Qg5 Bxg2+ 29. Kxg2 Qc6+ 30. Kf2 Qxf6 31. Qxf6 Rxf6 32. Rxe5 Kg7 33. Bg4 Rcf8 34. Bf3 Rd6 35. Rd5 Rxd5 36. Bxd5 h5 37. Kf3 Ne7 38. Be4 Kh6 39. Ke2 g5 40. Bf3 h4 41. d4 cxd4 42. cxd4 Nf5 43. Kd3 Kg6 44. d5 Kf6 45. Bg4 Ke5 46. Bxf5 Rxf5 47. Ke2 Ke4 48. d6 Rd5 49. Rc3 Rxd6 50. Rc7 f3+ 0-1

[Event "Hannover Region-ch"]
[Site "Hannover"]
[Date "2016.02.06"]
[Round "3"]
[White "Baum, Frank Christian"]
[Black "Brockmann, Marc"]
[Result "0-1"]
[WhiteElo "1722"]
[BlackElo "1467"]
[PlyCount "98"]
[EventDate "2016.01.16"]
[EventType "swiss"]
[EventRounds "7"]
[EventCountry "GER"]
[SourceTitle "EXT 2020"]
[Source "ChessBase"]
[SourceDate "2019.10.17"]
[SourceVersion "1"]
[SourceVersionDate "2019.10.17"]
[SourceQuality "1"]

1. e4 e6 2. d4 d5 3. Nc3 Nf6 4. exd5 exd5 5. Bd3 c6 6. Nge2 Bd6 7. Bg5 Bg4 8. f3 Bh5 9. Qd2 Nbd7 10. 0-0-0 Qc7 11. Qe3+ Kd8 12. Rde1 Re8 13. Qf2 h6 14. Bd2 b5 15. Ng3 Rxe1+ 16. Rxe1 Bg6 17. Bxg6 fxg6 18. Qe2 Nb6 19. Kb1 Qd7 20. Qd3 Nc4 21. Bc1 Bxg3 22. hxg3 Qf5 23. Qe2 Qd7 24. g4 Qf7 25. b3 Nd6 26. Ba3 Kd7 27. Qe5 Nfe8 28. Nd1 a5 29. Bxd6 Nxd6 30. Qg3 a4 31. b4 Nc4 32. Nb2 Nxb2 33. Kxb2 Re8 34. Rxe8 Qxe8 35. Qe5 Qe7 36. c3 g5 37. Qxe7+ Kxe7 38. Kc2 Kf6 39. Kd3 g6 40. Ke3 Ke6 41. g3 Kf7 42. f4 gxf4+ 43. gxf4 Kf6 44. a3 h5 45. gxh5 gxh5 46. Kf3 Kf5 47. Kg3 h4+ 48. Kf3 h3 49. Kg3 h2 0-1

[Event "Hannover-chB"]
[Site "Lehrte"]
[Date "2015.10.29"]
[Round "1"]
[White "Baum, Frank Christian"]
[Black "Edel, Fenja"]
[Result "1-0"]
[WhiteElo "1567"]
[BlackElo "1683"]
[PlyCount "63"]
[EventDate "2015.10.29"]
[EventType "swiss"]
[EventRounds "7"]
[EventCountry "GER"]
[SourceTitle "EXT 2021"]
[Source "ChessBase"]
[SourceDate "2020.10.23"]
[SourceVersion "1"]
[SourceVersionDate "2020.10.23"]
[SourceQuality "1"]

1. e4 e6 2. d4 d5 3. exd5 exd5 4. Bd3 Bd6 5. Nc3 c6 6. h3 Nf6 7. Nf3 0-0 8. 0-0 Nbd7 9. Bg5 Qc7 10. Re1 h6 11. Be3 Bf4 12. Qd2 Bxe3 13. Rxe3 Nb6 14. Ne5 Be6 15. Rg3 Kh8 16. Re1 Nc4 17. Qc1 Qb6 18. Bxc4 dxc4 19. Rd1 Rad8 20. Ne2 c5 21. c3 cxd4 22. Nxd4 Qd6 23. Re1 Kh7 24. Qc2+ Kg8 25. Qc1 Kh7 26. Nxe6 fxe6 27. Qc2+ Kg8 28. Qg6 Ne8 29. Qxh6 Rf6 30. Rxg7+ Nxg7 31. Qxf6 Rf8 32. Qh4 1-0

[Event "Langenhagen-ch op"]
[Site "Langenhagen"]
[Date "2015.09.27"]
[Round "7"]
[White "Hachtmann, Christian"]
[Black "Baum, Frank Christian"]
[Result "1/2-1/2"]
[WhiteElo "2036"]
[BlackElo "1511"]
[PlyCount "120"]
[EventDate "2015.05.23"]
[EventType "swiss"]
[EventRounds "7"]
[EventCountry "GER"]
[SourceTitle "EXT 2021"]
[Source "ChessBase"]
[SourceDate "2020.10.23"]
[SourceVersion "1"]
[SourceVersionDate "2020.10.23"]
[SourceQuality "1"]

1. f4 d5 2. e3 Nf6 3. Nf3 Nc6 4. Bb5 a6 5. Bxc6+ bxc6 6. 0-0 e6 7. d3 c5 8. Nc3 Be7 9. Qe2 Bb7 10. b3 0-0 11. Ba3 Re8 12. Rad1 d4 13. Na4 Ng4 14. Nxd4 Nxe3 15. Qxe3 cxd4 16. Qc1 Qd5 17. Rf2 Bh4 18. Re2 e5 19. f5 e4 20. dxe4 Rxe4 21. Qd2 Rae8 22. Rxe4 Rxe4 23. Nc5 Re1+ 24. Rxe1 Bxe1 25. Qe2 Bc6 26. Nd3 Bb5 27. Qxe1 Qxf5 28. Bb2 c5 29. Qe5 Qxe5 30. Nxe5 f6 31. Nc4 Kf7 32. Ba3 Ke6 33. Bxc5 Kd5 34. Bf8 g6 35. Nd2 Ke5 36. Kf2 Kd5 37. g3 h5 38. a4 Bd7 39. Bg7 Bf5 40. Bxf6 Bxc2 41. a5 Kc5 42. Be7+ Kd5 43. b4 Ba4 44. h4 Bb5 45. Bc5 Bc4 46. Nxc4 Kxc4 47. Bxd4 Kxd4 48. b5 axb5 49. Ke2 Kc5 50. Kd3 b4 51. a6 Kb6 52. a7 Kxa7 53. Kc4 b3 54. Kxb3 Kb6 55. Kb4 Kc6 56. Kc4 Kd6 57. Kd4 Ke6 58. Ke4 Ke7 59. Ke5 Kf7 60. Ke4 Ke6 1/2-1/2

[Event "Langenhagen-ch op"]
[Site "Langenhagen"]
[Date "2015.06.06"]
[Round "2"]
[White "Lossin, Charlotte"]
[Black "Baum, Frank Christian"]
[Result "0-1"]
[WhiteElo "1015"]
[BlackElo "1511"]
[PlyCount "34"]
[EventDate "2015.05.23"]
[EventType "swiss"]
[EventRounds "7"]
[EventCountry "GER"]
[SourceTitle "EXT 2021"]
[Source "ChessBase"]
[SourceDate "2020.10.23"]
[SourceVersion "1"]
[SourceVersionDate "2020.10.23"]
[SourceQuality "1"]

1. e4 e6 2. d4 d5 3. Nc3 Nf6 4. exd5 Nxd5 5. Nxd5 exd5 6. Nf3 Bd6 7. Bd3 Nc6 8. 0-0 0-0 9. Bxh7+ Kxh7 10. Ng5+ Kg6 11. Qd3+ Bf5 12. Qd1 Rh8 13. h3 f6 14. Nf3 Qd7 15. Nd2 Bxh3 16. gxh3 Qxh3 17. Qf3 Qh2# 0-1

[Event "Langenhagen-ch op"]
[Site "Langenhagen"]
[Date "2015.05.23"]
[Round "1"]
[White "Baum, Frank Christian"]
[Black "Herrmann, Andreas"]
[Result "0-1"]
[WhiteElo "1511"]
[BlackElo "2160"]
[PlyCount "40"]
[EventDate "2015.05.23"]
[EventType "swiss"]
[EventRounds "7"]
[EventCountry "GER"]
[SourceTitle "EXT 2021"]
[Source "ChessBase"]
[SourceDate "2020.10.23"]
[SourceVersion "1"]
[SourceVersionDate "2020.10.23"]
[SourceQuality "1"]

1. e4 c5 2. Nc3 e6 3. f4 a6 4. a4 Nc6 5. Nf3 Qc7 6. d3 d6 7. Be2 Nf6 8. 0-0 Be7 9. Qe1 0-0 10. Qg3 Nd4 11. Bd1 d5 12. Nxd4 cxd4 13. Ne2 dxe4 14. Nxd4 exd3 15. cxd3 Bc5 16. Be3 Nd5 17. Bf2 Qxf4 18. Qxf4 Nxf4 19. Bc2 Bxd4 20. Bxd4 Ne2+ 0-1

[Event "Langenhagen-ch op 17th"]
[Site "Langenhagen"]
[Date "2014.09.27"]
[Round "6"]
[White "Baum, Frank Christian"]
[Black "Lick, Helmut"]
[Result "1/2-1/2"]
[WhiteElo "1594"]
[BlackElo "1335"]
[PlyCount "80"]
[EventDate "2014.06.14"]
[EventType "swiss"]
[EventRounds "7"]
[EventCountry "GER"]
[SourceTitle "EXT 2021"]
[Source "ChessBase"]
[SourceDate "2020.10.23"]
[SourceVersion "1"]
[SourceVersionDate "2020.10.23"]
[SourceQuality "1"]

1. e4 e6 2. d4 d5 3. exd5 exd5 4. Bd3 Nf6 5. Nc3 Be7 6. Nge2 Be6 7. 0-0 0-0 8. Ng3 Nc6 9. Nce2 Nb4 10. Bf5 Bd7 11. c3 Na6 12. Bc2 Qc8 13. f3 c6 14. Re1 Nc7 15. Qd3 g6 16. Nf4 Ne6 17. Nfh5 Re8 18. Bh6 Nxh5 19. Nxh5 f5 20. Ng3 Bg5 21. Bxg5 Nxg5 22. h4 Nf7 23. h5 Qc7 24. Kf2 Qf4 25. hxg6 hxg6 26. Rh1 Kg7 27. Rae1 Rxe1 28. Rxe1 Re8 29. Rxe8 Bxe8 30. Qe3 Qxe3+ 31. Kxe3 Kf6 32. f4 Nd6 33. b3 Ne4 34. Nxe4+ fxe4 35. g4 g5 36. f5 a5 37. a3 b6 38. b4 axb4 39. cxb4 b5 40. Bb3 Ke7 1/2-1/2

[Event "Langenhagen-ch op 17th"]
[Site "Langenhagen"]
[Date "2014.07.19"]
[Round "3"]
[White "Baum, Frank Christian"]
[Black "Zweigait, Bjoern"]
[Result "1-0"]
[WhiteElo "1594"]
[BlackElo "1475"]
[PlyCount "75"]
[EventDate "2014.06.14"]
[EventType "swiss"]
[EventRounds "7"]
[EventCountry "GER"]
[SourceTitle "EXT 2021"]
[Source "ChessBase"]
[SourceDate "2020.10.23"]
[SourceVersion "1"]
[SourceVersionDate "2020.10.23"]
[SourceQuality "1"]

1. e4 e5 2. Nf3 Nc6 3. d4 exd4 4. Nxd4 Qf6 5. c3 Bc5 6. Be3 a6 7. Qd2 h6 8. Bc4 Nge7 9. 0-0 d6 10. Nxc6 Nxc6 11. Bxc5 dxc5 12. Qd5 Be6 13. Qxc5 0-0-0 14. Bxa6 Rd6 15. Bb5 Qg6 16. Qe3 f6 17. Bxc6 Rxc6 18. Na3 Qf7 19. Qa7 Ra6 20. Qc5 Rc6 21. Qe3 g5 22. b3 Rb6 23. Rfd1 f5 24. Qd4 Rf8 25. e5 f4 26. Rd2 Qe7 27. Rad1 Kb8 28. Nc2 g4 29. g3 f3 30. Ne3 Qg5 31. c4 Ra6 32. Qc5 Rh8 33. b4 Rc6 34. Qd4 h5 35. b5 Rb6 36. a4 h4 37. a5 hxg3 38. fxg3 1-0

[Event "Langenhagen-ch op 17th"]
[Site "Langenhagen"]
[Date "2014.06.28"]
[Round "2"]
[White "Moseler, Thomas"]
[Black "Baum, Frank Christian"]
[Result "0-1"]
[WhiteElo "1426"]
[BlackElo "1594"]
[PlyCount "58"]
[EventDate "2014.06.14"]
[EventType "swiss"]
[EventRounds "7"]
[EventCountry "GER"]
[SourceTitle "EXT 2021"]
[Source "ChessBase"]
[SourceDate "2020.10.23"]
[SourceVersion "1"]
[SourceVersionDate "2020.10.23"]
[SourceQuality "1"]

1. e4 e6 2. d4 d5 3. Nd2 Nf6 4. e5 Nfd7 5. Bd3 c5 6. c3 Nc6 7. Ne2 Qb6 8. Nf3 cxd4 9. cxd4 Be7 10. 0-0 Nb4 11. Bb1 f6 12. exf6 Nxf6 13. a3 Nc6 14. Re1 0-0 15. Nc3 Bd7 16. b4 Rae8 17. Qd3 a6 18. h3 Bd6 19. Bg5 g6 20. Bxf6 Rxf6 21. Ba2 Ne7 22. Ne5 Bxe5 23. dxe5 Rxf2 24. Kh2 Ref8 25. Ne4 Bb5 26. Qb1 dxe4 27. Qd1 Rd8 28. Qg4 Bd7 29. Rad1 Rxa2 0-1